000 00644nam a22002291 4500
001 283751
003 OSt
005 20140516020004.0
008 731207s1967 txu 000 0 eng
010 _a 67030888
040 _aDLC
_cDLC
_dDLC
050 0 0 _aBV260
_b.P33
082 0 0 _a242.8/07
100 1 _aParrott, Bob W.
_911730
245 1 2 _aA man talks with God,
_cby Bob W. Parrott.
250 _a[1st ed.]
260 _aDallas,
_bPrinted by Southern Methodist University Print. Dept.
_c[1967]
300 _axi, 66 p.
_c20 cm.
650 0 _aPrayers.
_911731
906 _a7
_bcbc
_corignew
_du
_eocip
_f19
_gy-gencatlg
942 _2lcc
_cBK
_03
999 _c53170
_d53144